Общественное мнение о качестве подготовки специалиста: по материалам социологических исследований; Томский политехник; Вып. 11

Bibliografiske detaljer
Parent link:Томский политехник: ежегодный журнал/ Томский политехнический университет (ТПУ), Ассоциация выпускников.— , 1995-
Вып. 11.— 2005.— [С. 60-65]
Andre forfattere: Иванкина Л. И. Любовь Ивановна, Шиканов Л. А. Леонид Александрович, Беспрозванных А. В., Могильницкая Н. С., Тимофеева С. В., Шиманская Н. А.
Summary:Заглавие с титульного листа
Электронная версия печатной публикации
Sprog:russisk
engelsk
Udgivet: 2005
Serier:Точка зрения
Fag:
Online adgang:Цветная версия без потери качества
Format: MixedMaterials Electronisk Book Chapter
KOHA link:https://koha.lib.tpu.ru/cgi-bin/koha/opac-detail.pl?biblionumber=198866

MARC

LEADER 00000nla2a2200000 4500
001 198866
005 20231031184111.0
035 |a (RuTPU)RU\TPU\book\216879 
035 |a RU\TPU\book\216878 
090 |a 198866 
100 |a 20110712d2005 km y0rusy50 ca 
101 0 |a rus  |a eng 
102 |a RU 
135 |a drnn ---uucaa 
181 0 |a i  
182 0 |a b 
200 1 |a Общественное мнение о качестве подготовки специалиста  |b Электронный ресурс  |d Public opinion on the quality of the specialist's training  |e по материалам социологических исследований  |f Л. И. Иванкина [и др.] 
203 |a Текст  |c электронный 
215 |a 1 файл (6.3 Мб) 
225 1 |a Точка зрения 
230 |a Электронные текстовые данные (1 файл : 6.3 Мб) 
300 |a Заглавие с титульного листа 
300 |a Электронная версия печатной публикации 
337 |a Adobe Reader 
461 1 |0 (RuTPU)RU\TPU\book\202435  |t Томский политехник  |o ежегодный журнал  |f Томский политехнический университет (ТПУ), Ассоциация выпускников  |d 1995- 
463 1 |0 (RuTPU)RU\TPU\book\216853  |t Вып. 11  |v [С. 60-65]  |d 2005  |p 83 с. 
510 1 |a Public opinion on the quality of the specialist's training  |z eng 
601 0 2 |a Томский политехнический университет (ТПУ)  |c (1991-2009)  |2 stltpush  |3 (RuTPU)RU\TPU\col\376 
610 1 |a российское образование 
610 1 |a высшее образование 
610 1 |a подготовка специалистов 
610 1 |a качество подготовки 
610 1 |a факторы 
610 1 |a общественное мнение 
610 1 |a социологические исследования 
610 1 |a труды учёных ТПУ 
610 1 |a электронный ресурс 
701 1 |a Иванкина  |b Л. И.  |c специалист в области философии, социологии и психологии образования  |c профессор Томского политехнического университета, доктор философских наук  |f 1956-  |g Любовь Ивановна  |2 stltpush  |3 (RuTPU)RU\TPU\pers\25426 
701 1 |a Шиканов  |b Л. А.  |c российский учёный в области истории и социологии  |c доцент Томского политехнического университета  |g Леонид Александрович  |2 stltpush  |3 (RuTPU)RU\TPU\pers\28333 
701 1 |a Беспрозванных  |b А. В. 
701 1 |a Могильницкая  |b Н. С. 
701 1 |a Тимофеева  |b С. В. 
701 1 |a Шиманская  |b Н. А. 
801 1 |a RU  |b 63413507  |c 20101101 
801 2 |a RU  |b 63413507  |c 20130311  |g RCR 
856 4 |u http://www.lib.tpu.ru/fulltext/v/Tomsk_polytechnic/2005/N11a12.pdf  |z Цветная версия без потери качества 
942 |c CF